| 000 | 00527pab a2200181 454500 | ||
|---|---|---|---|
| 008 | 180718b2001 xxu||||| |||| 00| 0 eng d | ||
| 100 | _aRao, P. Srinivas Subba | ||
| 245 | _aThe unfolding future of agriculture in Third World nations in an era of globalisation: lessons from India | ||
| 260 | _c2001 | ||
| 300 | _ap.160-68 | ||
| 362 | _aAug | ||
| 650 | _aGlobalization - India | ||
| 650 | _aAgriculture - India | ||
| 650 | _aAgriculture | ||
| 700 | _aMurthy, K.G.K. | ||
| 773 | _aAsian Economic Review | ||
| 909 | _a50733 | ||
| 999 |
_c50733 _d50733 |
||